000 00499nam a2200181Ia 4500
001 12233
005 20260306162926.0
008 260306t2019||||xx |||||||||||||| ||spa||
041 _aESP
082 _aHR 343.6
_bDIC 2019 REDAC
100 _aMartín-Retortillo Baquer, Lorenzo
_eAUT
245 0 _aRevista española de derecho administrativo:
_bcrónicas de jurisprudencia
260 _c2019
300 _a390 páginas :
_c24 cm.
650 _aGEN
654 _aCDE
942 _cREV
_dJUS
_fJUS
_2ddc
_n
999 _c12233
_d12233